000 00289nam a22001217a 4500
008 170502b xxu||||| |||| 00| 0 eng d
041 _aeng
080 _25 ED
_a342
100 _a13
101 _aSHJ
245 _aMUNICIPAL PUBLIC WORKS ADMINISTRATION
_cNOLTING.O.F
942 _2udc
_cBK
999 _c12463
_d12463